000 00470nam a2200157Ia 4500
003 OSt
005 20200117120446.0
008 190216s9999||||xx |||||||||||||| ||und||
040 _coclc
082 _a658.8
_bRAD/M
100 _aRadha, V
_91248
245 0 _aMarketing Management /
_cV Radha ; P T Oommen ; N S Nair
260 _bCalicut University Publications,
_c1996.
_aCalicut:
300 _a120p
942 _cBK
_2ddc
_h658.8
_iRAD/M
_k658.8
_mRAD/M
999 _c5770
_d5770